Normal view
MARC view
- الديمقراطية --الأردن -- تاريخ -- الاردن -- سياسة وحكومة
Entry Topical Term
001 - CONTROL NUMBER
- control field: 41214
003 - CONTROL NUMBER IDENTIFIER
- control field: JO-AjAnu
005 - DATE AND TIME OF LATEST TRANSACTION
- control field: 20230606080840.0
008 - FIXED-LENGTH DATA ELEMENTS
- fixed length control field: 230606|| aca||aabn | a|a d
040 ## - CATALOGING SOURCE
- Original cataloging agency: JO-AjAnu
- Transcribing agency: JO-AjAnu
150 ## - HEADING--TOPICAL TERM
- Topical term or geographic name entry element: الديمقراطية --الأردن -- تاريخ -- الاردن -- سياسة وحكومة
670 ## - SOURCE DATA FOUND
- Source citation: Work cat.: (JO-AjAnu)21121: تأليف الحطاب ، سلطان , author 41213, بصراحة على ضوء فكر الحسين